Countries with a nominal GDP over 1 trillion - Statistics

General Stats
  • This quiz has been taken 72 times
  • The average score is 15 of 16
Answer Stats
Answer % Correct
4 Germany
100%
8 Italy
100%
13 Spain
100%
2 China
98%
6 France
98%
3 Japan
98%
12 Russia
98%
5 United Kingdom
98%
1 United States
98%
7 India
97%
9 Brazil
95%
10 Canada
95%
15 Mexico
95%
11 South Korea
92%
16 Indonesia
88%
14 Australia
87%
No matching quizzes found
Score Distribution
Percent of People with Each Score
Percentile by Number Answered
Your Score History
You have not taken this quiz